Szczegóły MARC21

Georgij Skanderbeg ; Akademik Ivan Pavlov ; Bykovcy (rodnye polâ) : kinoscenarii /

005 -DATA I CZAS OSTATNIEJ MODYFIKACJI [,]
    • @
    • pole kontrolne
    • 20070315155141.9
040 -Instytucja sporządzająca opis [ , ]
    • a
    • Instytucja, która sporządziła opis (NP)
    • SZCZ U
    • c
    • Instytucja, która sporządziła rekord (NP)
    • SZCZ U
041 -Język dokumentu [0, ]
    • a
    • Język tekstu (P)
    • rosyjski
    • h
    • Język tekstu oryginalnego i/lub pośredniego (P)
    • rosyjski
942 -Rodzaj dokumentu [ , ]
    • c
    • Rodzaj dokumentu
    • Książka
245 -Strefa tytułu i oznaczenia odpowiedzialności [0, ]
    • a
    • Tytuł
    • Georgij Skanderbeg ; Akademik Ivan Pavlov ; Bykovcy (rodnye polâ) : Find
    • b
    • Ciąg dalszy tytułu (NP)
    • kinoscenarii / Find
    • c
    • Pozostałe elementy strefy tytułu i oznaczenia odpowiedzialności (NP)
    • M.Papava.
260 -Strefa adresu wydawniczego [ , ]
    • a
    • Miejsce wydania (P)
    • Moskva :
    • b
    • Nazwa wydawcy (P)
    • "Goskinoizdat",
    • c
    • Data wydania (P)
    • 1953.
300 -Strefa opisu fizycznego [ , ]
    • a
    • Określenie formy książki i/lub objętość (NP)
    • 228 s. :
    • c
    • Format (NP)
    • 23 cm.
080 -Uniwersalna Klasyfikacja Dziesiętna [ , ]
    • a
    • Symbol klasyfikacji
    • 882-293.7=82
980 -Symbol UKD [ , ]
    • a
    • UKD
    • 882-293.7=82
700 -Hasło dodatkowe - nazwa osobowa [ , ]
    • a
    • Nazwa osobowa (NP)
    • Papava Michail Find
Numer inwentarzowy Status udost. Lokalizacja Data inwentaryzacji
JK.4101BG2002-12-11